Nom de pays en Suédois - Statistiques

Statistiques générales
  • Ce quiz a été pris 35 fois
  • Le résultat moyen est 18 sur 21
Statistiques - réponses
Suédois Français % Correct
Kap Verde Cap-Vert
100%
Frankrike France
100%
Lettland Lettonie
100%
Norge Norvège
100%
Nya Zeeland Nouvelle-Zélande
100%
Kongo-Brazzaville République du Congo
100%
Ryssland Russie
100%
Sverige Suède
100%
Türkiet Turquie
100%
Österrike Autriche
97%
Grekland Grèce
97%
Nederländerna Pays-Bas
97%
Schweiz Suisse
97%
Vatikanstaten Vatican
97%
Filippinerna Philippines
91%
Storbritanien Royaume-Uni
88%
Tjeckien République Tchèque
81%
Kina Chine
66%
Östtimor Timor Oriental
50%
Tyskland Allemagne
47%
Elfenbenskusten Côte d'Ivoire
28%
Aucun quiz correspondant
Distribution des résultats
% des personnes avec chaque résultat
Percentile par nombre de réponses
Votre historique - résultats
Vous n’avez pas pris ce quiz